Väike hõbeaare Varbola Jaanilinnast
| Titel: | Väike hõbeaare Varbola Jaanilinnast |
|---|---|
| Verfasser: | |
| Beteiligt: | |
| In: |
Eesti arheoloogia ajakiri, Band 2 (1998), Seite 21-36, 7 Abb. bzw. Zeichn. (davon 1 graph. Darst.) alle Artikel anzeigen |
| Veröffentlicht: | 1998 |
| Format: | Aufsatz |
| Sprache: | Estnisch |
X
alg: 39291413 001A $01999:11-11-16 001B $01999:22-05-21 $t21:50:55.000 001D $01999:11-11-16 001U $0utf8 001X $00 002@ $0Aox 003@ $0392914131 007A $0392914131 $aHEB 007T $0Herde15880 010@ $aest 011@ $a1998 021A $aVäike hõbeaare Varbola Jaanilinnast 028A $aTamla $dÜlle 028B/01 $aKallavus $dUrve 031A $d2 $h21-36, 7 Abb. bzw. Zeichn. (davon 1 graph. Darst.) $j1998 037A $aestn. Res. 21; engl. Res. 35-36: A small silver hoard from Varbola Jaanilinn 039B $aIn $8--Abvc--. Eesti arheoloogia ajakiri. - Tallinn : Teaduste Akadeemia Kirjastus, 1997-2003. - ISSN 1406-2933 $x199800000020000979 $9091024889 045F $a307.094798 $eDDC23BSB 045F/01 $a307.09 045F/03 $g4798 045T $a7,44 lok: 39291413 78 exp: 39291413 78 1 #EPN 201B/01 $019-04-17 $t11:41:13.000 201U/01 $0utf8 203@/01 $078902439X 208@/01 $a11-11-16 $be 209A/01 $a/ $f000 $x00 220C/01 $aTitelaufnehmer: pk 220C/01 $aHerkunft: Baltische Bibliographie / P. Kaegbein 244Z/01 $2Trx $#Estija $#Igaunija $#Estland $#Estonia $#Estonia $#Estónsko $#Estonsko $8--Trx--Eesti $x01 $9391237225 244Z/01 $2Trx $#Warbola Rappel $8--Trx--Varbola$gRapla $x02 $9391202200 244Z/01 $2Trx $#kindlus $#pilys $#Castles $#várak $#grody $#hrady $#hrady $#Motten $8--Trx--Burgen $x03 $9391356380 244Z/01 $2Trx $#aardeleiud $#lobiai radiniai $#hoard finds $#kincs leletek $#skarby znaleziska $#poklady, nálezy $#poklady, nálezy $#Peitleiud $#Depotfunde $8--Trx--Hortfunde $x04 $9391383051 244Z/01 $2Trx $8--Trx--Zeitschriftenaufsatz $x05 $9391384341 245Z/01 $a13.03 $x01 245Z/01 $a05.03 $x02 247C/01 $82080>Marburg/Lahn, Herder-Institut, Forschungsbibliothek, Bibliographieportal $9336309341
| LEADER | 00000caa a22000002c 4500 | ||
|---|---|---|---|
| 001 | 392914131 | ||
| 003 | DE-603 | ||
| 005 | 20210522215055.0 | ||
| 007 | tu | ||
| 008 | 161111s1998 xx |||| | u00||u|est c | ||
| 035 | |a (DE-599)HEB392914131 | ||
| 040 | |a DE-603 |b ger |c DE-603 |d DE-603 | ||
| 041 | |a est | ||
| 082 | 0 | 4 | |8 1\u |a 307.094798 |q DE-101 |2 23/BSB |
| 084 | |a 7,44 |2 ssgn | ||
| 085 | |8 1\u |b 307.09 | ||
| 085 | |8 1\u |z 2 |s 4798 | ||
| 100 | 1 | |a Tamla, Ülle | |
| 245 | 0 | 0 | |a Väike hõbeaare Varbola Jaanilinnast |
| 264 | 0 | |c 1998 | |
| 500 | |a estn. Res. 21; engl. Res. 35-36: A small silver hoard from Varbola Jaanilinn | ||
| 700 | 1 | |a Kallavus, Urve | |
| 773 | 0 | 8 | |i In |t Eesti arheoloogia ajakiri |d Tallinn : Teaduste Akadeemia Kirjastus, 1997-2003 |x 1406-2933 |g Band 2 (1998), Seite 21-36, 7 Abb. bzw. Zeichn. (davon 1 graph. Darst.) |w (DE-603)091024889 |w (DE-600)2010992-1 |
| 924 | 0 | |9 2080 |a (DE-603)78902439X |b DE-2080 |c HES |d d |g / | |


